000 00321 a2200157 4500
001 173617
020 _a
040 _cMagnum
100 _aArrabal, Jose
240 1 0 _aQuem traiu o peixe-boi ?
_lpor
245 1 0 _aQuem traiu o peixe-boi ?
362 0 _a1899
440 1 _aFTD
697 _aIJ/ANIMAIS
942 _cBK
999 _c173617
_d173617